Judicial Review of Administrative Tribunals in South Africa / (Record no. 862)

MARC details
000 -LEADER
fixed length control field 00545nam a22001697a 4500
005 - DATE AND TIME OF INPUT
control field 20231123060520.0
008 - DATA ELEMENTS--GENERAL INFORMATION
fixed length control field 231122b |||||||| |||| 00| 0 eng d
041 ## - LANGUAGE CODE
Language code of text English
082 ## - SHELF NUMBER
DDC number 342 ROS
100 ## - MAIN AUTHOR
Main author's name Rose Innes, LA
Language of a work English
245 ## - TITLE STATEMENT
Title Judicial Review of Administrative Tribunals in South Africa /
Statement of responsibility, etc. LA Rose Innes
250 ## - EDITION STATEMENT
Edition statement First Edition
260 ## - PUBLICATION, DISTRIBUTION, ETC.
Place of publication, distribution, etc. Cape Town :
Name of publisher, distributor, etc. Juta and Company Ltd,
Date of publication, distribution, etc. 1963
300 ## - PHYSICAL DESCRIPTION
Other physical details xxxiv, 274 pages ;
Dimensions 26 cm.
650 ## - SUBJECT`
Broad subject Legal practice
Own subject terms Law
942 ## - ADDED ENTRY ELEMENTS (KOHA)
Item type Books
942 ## - ADDED ENTRY ELEMENTS (KOHA)
-- ALISON_BN_VRIES
Holdings
Source of classification or shelving scheme Not for loan Collection code Home library Current library Shelving location Date acquired Full call number Barcode Price effective from Koha item type
Dewey Decimal Classification   TEXT BOOKS LAW SOCIETY OF NAMIBIA LIBRARY - WINDHOEK LAW SOCIETY OF NAMIBIA LIBRARY - WINDHOEK Constitutional and administrative law 11/23/2023 342 ROS LSN/1987/276 11/23/2023 Books